000 00596nam a2200241Ia 4500
003 OSt
005 20220924152148.0
006 a|||||r|||| 00| 0
007 ta
008 220923b |||||||| |||| 00| 0 tel d
020 _c2.50
024 _a341268
037 _cTextual
040 _aARTS
_cARTS
_btel
041 _2tel
_atel
082 _aX:322.2.N5, 35J8
100 _aRao Narasimha
_9221412
245 0 _aBhusvamya samskaranalu
260 _c1958
650 _aECONOMICS
942 _hX:322.2.N5, 35J8
_cTEXL
_2CC
999 _c468951
_d468951